00608nam a2200193Ia 4500003000400000005001700004008004100021020001500062040002900077050002400106100002500130245002500155260003200180300003100212650001900243942001200262952012500274999001500399OSt20230808112556.0221221s9999 xx 000 0 und d a0471328235 cChuka University Library aHF 5635 b.K56 2001 aThomas E. King92786 0aFinancial Accounting aUSAbJohn Wiley &Sonsc2001 a711pbColour illustrations aAccounting940 cBK2lcc 00102lcc40708LGLaCHKbCHKcGENd2022-12-21l0oHF 5635 .K56 2001p7221/2010r2022-12-21 00:00:00t2w2022-12-21yBK c3707d3707